[Event "Elbow Beach Club GMA"]
[Site "Paget Parish BER"]
[Date "2001.01.24"]
[Round "5"]
[White "Gershon,A"]
[Black "Macieja,B"]
[Result "0-1"]
[WhiteElo "2540"]
[BlackElo "2578"]

1.d4 Nf6 2.c4 e6 3.Nf3 Bb4+ 4.Nbd2 b6 5.a3 Bxd2+ 6.Qxd2 Bb7 7.e3 O-O 8.Be2 Ne4
9.Qd3 d5 10.b3 a5 11.O-O a4 12.b4 Nd6 13.c5 Ba6 14.Qc2 Bxe2 15.Qxe2 Nc4 16.e4 Nc6
17.e5 f5 18.Bf4 h6 19.h4 Qe8 20.Rfd1 Qh5 21.Ra2 Ne7 22.g3 Ng6 23.Bc1 f4 24.Rd3 bxc5
25.dxc5 fxg3 26.fxg3 Ngxe5 27.Nxe5 Qxe5 28.Qxe5 Nxe5 29.Re3 Nf3+ 30.Kg2 Nd4
31.Bb2 Nb3 32.Be5 Rf7 33.Rc2 d4 34.Rd3 Rd8 35.Rf2 Re7 36.Kf3 Rf8+ 37.Kg2 Rf5
38.Rxf5 exf5 39.Bf4 Kf7 40.b5 g5 41.hxg5 hxg5 42.Bxg5 Re5 43.b6 Rxc5 44.bxc7 Rxc7
45.Rd1 Rc2+ 46.Kf3 Ra2 47.Re1 d3 48.Rd1 d2 49.g4 Kg6 50.Be3 Rxa3 51.gxf5+ Kxf5
52.Ke2 Ra2 53.Kd3 a3 54.Bh6 Nc5+ 55.Kc4 Rc2+ 56.Kb4 a2 57.Ka3 Rc1 58.Kxa2 Rxd1
59.Kb2 Ne4  0-1

[Event "1st Mario Covas"]
[Site "Santos BRA"]
[Date "2001.02.01"]
[Round "4"]
[White "Hoffman,A"]
[Black "Sega,C"]
[Result "1-0"]
[WhiteElo "2473"]
[BlackElo "2286"]

1.d4 Nf6 2.Nf3 e6 3.c4 Bb4+ 4.Nbd2 b6 5.a3 Bxd2+ 6.Qxd2 O-O 7.e3 Bb7 8.b3 Ne4
9.Qc2 d6 10.Bb2 Nd7 11.Rd1 f5 12.d5 e5 13.Bd3 Ndc5 14.O-O c6 15.Nxe5 cxd5
16.Nf3 Rc8 17.Be2 dxc4 18.Bxc4+ d5 19.Ba1 Ne6 20.Qb2 b5 21.Nd4 Nxd4 22.Qxd4 Rf7
23.Bxd5 Qxd5 24.Qxd5 Bxd5 25.Rxd5 Rc2 26.Be5 a6 27.h3 Re7 28.f3 Nd2 29.Rd1 Nxb3
30.Bf4 g6 31.Bg5 Re8 32.Rd8 Rxd8 33.Rxd8+ Kf7 34.Rd7+ Ke6 35.Rxh7 Ra2 36.Rg7 Rxa3
37.Rxg6+  1-0

[Event "ENG-GER match women"]
[Site "Battle Abbey ENG"]
[Date "2001.02.19"]
[Round "3"]
[White "Umpfenbach,C"]
[Black "Richards,H"]
[Result "0-1"]
[WhiteElo "2044"]
[BlackElo "2133"]

1.d4 e6 2.Nf3 Nf6 3.c4 Bb4+ 4.Nbd2 b6 5.g3 Bb7 6.Bg2 O-O 7.O-O Qc8 8.a3 Be7
9.Qc2 c5 10.e4 cxd4 11.e5 Ne8 12.Nxd4 Bxg2 13.Kxg2 Nc6 14.Qe4 Nxd4 15.Qxd4 d6
16.Nf3 Qc6 17.Be3 dxe5 18.Qxe5 Bf6 19.Qb5 Qxb5 20.cxb5 Bxb2 21.Ra2 Bf6 22.Rc2 Nd6
23.a4 Rac8 24.Rfc1 Rxc2 25.Rxc2 Rc8 26.Rxc8+ Nxc8 27.Bf4 Kf8 28.Bb8 Ke8 29.Nd2 Kd7
30.Nc4 Bd4 31.f3 f6 32.Kf1 Bc5 33.Ke2 Nd6 34.Nxd6 Bxd6 35.Bxa7 Kc7 36.a5 bxa5
37.Kd3 Kb7 38.Bf2 Bc7 39.h3 Bd6 40.Kc4 a4 41.g4 Ba3 42.Be3 Bb2 43.Kb4 a3
44.Kb3 g6 45.Bf2 e5 46.Bc5 f5 47.gxf5 gxf5 48.Be3 h5 49.Bf2 Bc1 50.Bc5 e4
51.fxe4 fxe4 52.Kc2 a2 53.Bd4 Be3 54.Bc3 Kb6 55.Kb2 Kxb5 56.Kxa2 Kc4 57.Be1 Kd3
58.Kb3 Bd2  0-1

[Event "ENG-GER match women"]
[Site "Battle Abbey ENG"]
[Date "2001.02.23"]
[Round "9"]
[White "Nill,J"]
[Black "Richards,H"]
[Result "1/2-1/2"]
[WhiteElo "2239"]
[BlackElo "2133"]

1.d4 e6 2.Nf3 Nf6 3.c4 Bb4+ 4.Nbd2 d5 5.Qa4+ Nc6 6.a3 Bxd2+ 7.Bxd2 O-O 8.Bg5 Bd7
9.Qc2 Qe7 10.e3 dxc4 11.Bxc4 e5 12.dxe5 Nxe5 13.Nxe5 Qxe5 14.Bf4 Qa5+ 15.b4 Qb6
16.O-O Rac8 17.Rac1 a5 18.Qb3 axb4 19.axb4 Bf5 20.Rfd1 Bg6 21.h3 Rfd8 22.Rxd8+ Rxd8
23.Rd1 c6 24.Bd6 Ne4 25.Be7 Re8 26.Bh4 Qc7 27.f3 b5 28.Bd3 Ng3 29.Bxg6 hxg6
30.Bxg3 Qxg3 31.Rd7 Rf8 32.Qd1 Re8 33.Rd8 Qe5 34.Rxe8+ Qxe8 35.Qd4 Qe7 36.Kf2 Kf8
37.h4 Ke8 38.Ke2 Qe6 39.Kf2 Qe7 40.Ke2 Qe6 41.Kf2 Qe7  1/2-1/2

[Event "Open"]
[Site "Cappelle la Grande FRA"]
[Date "2001.02.27"]
[Round "5"]
[White "Gausel,E"]
[Black "Spraggett,K"]
[Result "1-0"]
[WhiteElo "2481"]
[BlackElo "2526"]

1.d4 Nf6 2.Nf3 e6 3.c4 Bb4+ 4.Nbd2 O-O 5.e3 d5 6.a3 Be7 7.Bd3 b6 8.O-O Bb7
9.cxd5 exd5 10.b4 Nbd7 11.Rb1 Bd6 12.Qc2 Qe7 13.Bf5 g6 14.Bh3 h5 15.Bb2 Ng4
16.g3 f5 17.Rfe1 g5 18.Bg2 h4 19.gxh4 gxh4 20.h3 Nh6 21.Kh1 Rf7 22.Rg1 Rg7
23.Ne1 Kh8 24.Nd3 Rag8 25.Nf3 f4 26.Nxf4 Bxf4 27.exf4 Nf6 28.Ne5 Qe6 29.f5 Nxf5
30.Rbe1 Ne4 31.Rxe4 dxe4 32.d5 Bxd5 33.Ng4 e3 34.Qe2 exf2 35.Qxf2 Ng3+ 36.Kh2 Bxg2
37.Rxg2 Re8 38.Qf4 Qg6 39.Bxg7+ Kxg7 40.Qd4+ Kf8 41.Qh8+ Kf7 42.Ne5+ Rxe5
43.Qxe5 Qd6  1-0

[Event "17th Spring Festival"]
[Site "Budapest HUN"]
[Date "2001.03.23"]
[Round "8"]
[White "Mikrut,D"]
[Black "Sinkovics,P"]
[Result "1/2-1/2"]
[WhiteElo "2300"]
[BlackElo "2317"]

1.d4 Nf6 2.c4 e6 3.Nf3 Bb4+ 4.Nbd2 b6 5.e3 Bb7 6.Bd3 O-O 7.O-O Bxd2 8.Nxd2 c5
9.dxc5 bxc5 10.b3 d5 11.Bb2 Nbd7 12.Rc1 Rc8 13.Qe2 Qb6 14.f4 a5 15.e4 dxe4
16.Nxe4 Nxe4 17.Bxe4 Bxe4 18.Qxe4 f5 19.Qc2 Nf6 20.Bxf6 Rxf6 21.Rcd1 Rff8
22.Rf3 Rfd8 23.Rfd3 Rd4 24.Rxd4 cxd4 25.Qd3 Rd8 26.Re1 Kf7 27.Re5 Qb4 28.Re2 a4
29.bxa4 Qxa4 30.Qb3 Qc6 31.Qd3 Qb7 32.h3 Qb8 33.g3 Qb6 34.Rd2 Qb4 35.Kf2 g6
36.Re2 Qb7 37.Qb3 Qc6 38.Qb5 Qc7 39.c5 Rd5 40.Qb6 Qxb6 41.cxb6 Rb5 42.Rd2 Rxb6
43.Rxd4 Rb2+ 44.Kf3 Rxa2 45.Rd7+ Kg8 46.Rd6 Kf7 47.Rd7+  1/2-1/2

[Event "Wotulo Mem"]
[Site "Jakarta INA"]
[Date "2001.03.23"]
[Round "1"]
[White "Sharavdorj,D"]
[Black "Juswanto,D"]
[Result "0-1"]
[WhiteElo "2441"]
[BlackElo "2487"]

1.d4 Nf6 2.c4 e6 3.Nf3 Bb4+ 4.Nbd2 b6 5.a3 Bxd2+ 6.Qxd2 Bb7 7.e3 O-O 8.Be2 d6
9.O-O Nbd7 10.b4 Ne4 11.Qc2 f5 12.Bb2 Qe8 13.Rad1 a5 14.d5 e5 15.Bd3 Ndf6
16.Nh4 g6 17.f3 Ng5 18.f4 Nf7 19.Nf3 axb4 20.axb4 Qe7 21.e4 fxe4 22.Bxe4 Ra2
23.Bd3 Bc8 24.Qb1 Ra4 25.Bc3 Bg4 26.Rde1 Bxf3 27.Rxf3 Kg7 28.Qb2 Nd7 29.Ref1 Rfa8
30.f5 Nh6 31.Rg3 g5 32.Bd2 Nf7 33.h4 g4 34.Rxg4+ Kh8 35.Bg5 Nf6 36.Rf3 Rg8
37.Rfg3 Nh6 38.Bxf6+ Qxf6 39.Rg5 Rf8 40.Be4 Ng8 41.Qd2 Qe7 42.h5 Nf6 43.Qe3 Ra1+
44.Kh2 Rd1 45.Bd3 Ra8 46.Be2 Rd4 47.h6 Rh4+ 48.Rh3 Re4 49.Qd2 Rg8 50.Rxg8+ Nxg8
51.g4 Rf4 52.Qe3 Qf8 53.Qg3 Nf6 54.g5 Ne4 55.g6 Qxf5 56.g7+ Kg8 57.Qa3 Rf2+
58.Kh1 Ng3+ 59.Rxg3 Qb1+ 60.Bf1 Rxf1+ 61.Kg2 Rg1+ 62.Kf3 Qf5+ 63.Ke2 Qf1+
64.Kd2 Qf2+  0-1

[Event "Wotulo Mem"]
[Site "Jakarta INA"]
[Date "2001.03.24"]
[Round "2"]
[White "Wahono,A"]
[Black "Johansen,D"]
[Result "1/2-1/2"]
[WhiteElo "2401"]
[BlackElo "2520"]

1.d4 e6 2.c4 Nf6 3.Nf3 Bb4+ 4.Nbd2 b6 5.e3 Bb7 6.Be2 O-O 7.O-O Be7 8.b3 c5
9.Bb2 d6 10.Re1 Nbd7 11.Bf1 Qc7 12.Rc1 Rfe8 13.h3 Rad8 14.Qc2 Qb8 15.e4 cxd4
16.Nxd4 Bf8 17.Ne2 a6 18.Ng3 Rc8 19.Qb1 Bc6 20.Nf3 Qa8 21.a4 Bb7 22.Bd3 Be7
23.Ba1 Nf8 24.Qb2 Ng6 25.Qd4 Rc6 26.Qe3 Nd7 27.Nh5 Bf8  1/2-1/2

[Event "Wotulo Mem"]
[Site "Jakarta INA"]
[Date "2001.03.31"]
[Round "11"]
[White "Johansen,D"]
[Black "Hulak,K"]
[Result "1-0"]
[WhiteElo "2520"]
[BlackElo "2546"]

1.c4 Nf6 2.Nf3 e6 3.d4 Bb4+ 4.Nbd2 O-O 5.a3 Bxd2+ 6.Bxd2 Ne4 7.g3 d6 8.Bg2 a5
9.b3 c5 10.Be3 Nd7 11.O-O f5 12.Qd3 Ra6 13.Nd2 Nef6 14.Rfd1 Ng4 15.dxc5 dxc5
16.Nf3 Qe8 17.Bc1 e5 18.Bb2 Ndf6 19.Ne1 Ne4 20.f3 Rd6 21.Qb1 Nd2 22.Rxd2 Rxd2
23.fxg4 fxg4 24.Nd3 e4 25.Qc1 Rxe2 26.Qc3 Rxb2 27.Nxb2 Bf5 28.Rd1 h5 29.Qe3 Qe5
30.Na4 b6 31.Nxb6 h4 32.gxh4  1-0

[Event "ch-CUB Withdrawal"]
[Site "Las Tunas CUB"]
[Date "2001.04.07"]
[Round "7"]
[White "Almeida,O"]
[Black "Garcia,Os"]
[Result "1-0"]
[WhiteElo "2426"]
[BlackElo "2300"]

1.d4 Nf6 2.c4 e6 3.Nf3 Bb4+ 4.Nbd2 b6 5.g3 Bb7 6.Bg2 O-O 7.O-O a5 8.a3 Be7
9.Qc2 c5 10.e4 d5 11.cxd5 exd5 12.e5 Ne8 13.Rd1 Nc6 14.dxc5 bxc5 15.Nb3 Rc8
16.Nxc5 Ba8 17.Be3 d4 18.Nxd4 Nxd4 19.Rxd4 Qc7 20.Bxa8 Qb8 21.Rc4 Qxa8 22.Nd7 Rxc4
23.Qxc4 Qb7 24.Nxf8 Bxf8 25.Rd1 Qe7 26.Qc8 g6 27.Rd8 Ng7 28.Bg5 f6 29.Bxf6 Qf7
30.Rd7 Qxd7  1-0

[Event "FSIMB April"]
[Site "Budapest HUN"]
[Date "2001.04.08"]
[Round "2"]
[White "Appleberry,M"]
[Black "Paci,C"]
[Result "0-1"]
[WhiteElo "2301"]
[BlackElo "2213"]

1.Nf3 Nf6 2.c4 e6 3.d4 Bb4+ 4.Nbd2 b6 5.g3 Bb7 6.Bg2 O-O 7.a3 Bxd2+ 8.Qxd2 Ne4
9.Qd3 f5 10.O-O Nf6 11.b4 Be4 12.Qc3 Qe7 13.Bb2 d6 14.Rfe1 Nbd7 15.Bh3 Bb7
16.Nd2 Rf7 17.f3 g6 18.a4 Re8 19.a5 b5 20.cxb5 Nd5 21.Qb3 Qg5 22.Bc1 Qh5
23.Bg2 f4 24.Ne4 N7f6 25.Nf2 g5 26.g4 Qh4 27.Bd2 h5 28.h3 hxg4 29.hxg4 Rg7
30.Qd3 Ba8 31.Rf1 Ne3 32.Bxe3 Qg3 33.d5 Bxd5 34.Ne4 Bxe4 35.Bxf4 Qxg2+  0-1

[Event "ch-City"]
[Site "St Petersburg RUS"]
[Date "2001.04.10"]
[Round "1"]
[White "Ivanov,Se"]
[Black "Lugovoi,A"]
[Result "1/2-1/2"]
[WhiteElo "2547"]
[BlackElo "2512"]

1.d4 Nf6 2.c4 e6 3.Nf3 Bb4+ 4.Nbd2 b6 5.a3 Bxd2+ 6.Qxd2 a5 7.b3 d6 8.e3 Bb7
9.Be2 Nbd7 10.Bb2 O-O 11.O-O Qe7 12.Rad1 Be4 13.Qc3 c6 14.Nd2 Bg6 15.f3 d5
16.Rfe1 Rfc8 17.Bf1 c5 18.e4 dxe4 19.d5 e5 20.fxe4 Ne8 21.Nf3 f6 22.a4 Nd6
23.Bd3 Bh5  1/2-1/2

[Event "Osteropen"]
[Site "Essen-Borbeck GER"]
[Date "2001.04.13"]
[Round "4"]
[White "Schebler,G"]
[Black "Podzielny,KH"]
[Result "1/2-1/2"]
[WhiteElo "2500"]
[BlackElo "2471"]

1.d4 Nf6 2.Nf3 e6 3.c4 Bb4+ 4.Nbd2 b6 5.e3 Bb7 6.Bd3 c5 7.dxc5 Bxc5 8.O-O Be7
9.b3 d6 10.Bb2 Nbd7 11.Rc1 Rc8 12.Re1 Rc7 13.e4 Qa8 14.b4 O-O 15.a3 Rfc8
16.Qe2 Bf8 17.Bb1 Re8 18.g3 e5 19.Nh4 g6 20.Ng2 a5 21.b5 Nc5 22.Bc2 Ne6 23.a4 Qc8
24.Ne3 Nd4 25.Qd3 Nxe4 26.Nxe4 Nf3+ 27.Kg2 Nxe1+ 28.Rxe1 f5 29.Qb3 Rc5 30.f3 fxe4
31.Bxe4 Bxe4 32.fxe4 Kh8 33.Re2 Bh6 34.Nd5 Qd8 35.Qd3 Rf8 36.Bc3 Rc8 37.Be1 Rb8
38.Bf2 Rf7 39.Bg1 Kg7 40.Bf2 Kg8 41.Bg1  1/2-1/2

[Event "Classics IMB"]
[Site "Gausdal NOR"]
[Date "2001.04.16"]
[Round "2"]
[White "Tallaksen,G"]
[Black "Jakobsen,L"]
[Result "1/2-1/2"]
[WhiteElo "2233"]
[BlackElo "2363"]

1.d4 Nf6 2.c4 e6 3.Nf3 Bb4+ 4.Nbd2 O-O 5.a3 Be7 6.e4 d5 7.e5 Nfd7 8.cxd5 exd5
9.Bd3 c5 10.O-O Nc6 11.Re1 Re8 12.Nf1 a5 13.Ne3 Nf8 14.dxc5 Bxc5 15.Nxd5 Bg4
16.Bf4 Bxf3 17.gxf3 Bd4 18.Nc3 Nxe5 19.Be4 Ne6 20.Bxe5 Bxe5 21.Bxh7+ Kxh7
22.Rxe5 Qf6 23.Qd3+ g6 24.Qe3 Kg7 25.Nd5 Qh4 26.Re4 Qg5+ 27.Qxg5 Nxg5 28.Rxe8 Rxe8
29.Kg2 Re2 30.Rb1 Rd2 31.Nb6 Rd3 32.Nc4 Rd5 33.b4 axb4 34.Rxb4 b5 35.Nb6 Rc5
36.Nd7 Rd5 37.Nb6 Rc5 38.a4 bxa4 39.Nxa4  1/2-1/2

[Event "Masters"]
[Site "Besancon FRA"]
[Date "2001.04.26"]
[Round "6"]
[White "Costa,JL"]
[Black "Neiman,E"]
[Result "1-0"]
[WhiteElo "2359"]
[BlackElo "2318"]

1.d4 Nf6 2.Nf3 e6 3.c4 Bb4+ 4.Nbd2 b6 5.e3 Bb7 6.Bd3 O-O 7.O-O d5 8.a3 Be7
9.b4 a5 10.b5 Nbd7 11.Qc2 Rc8 12.cxd5 exd5 13.Ne5 Bd6 14.Bb2 g6 15.Nc6 Qe8
16.Rfe1 Nb8 17.e4 Bxc6 18.bxc6 Bf4 19.exd5 Qd8 20.Ne4 Bh6 21.d6 cxd6 22.Nxf6+ Qxf6
23.d5 Qg5 24.Qc3 f6 25.Bc1 Qh5 26.Be2 Qh4 27.g3 Qh3 28.Bf1 Qh5 29.Bxh6 Qxh6
30.Qe3 Qh5 31.Qe6+  1-0

[Event "54th ch-RUS"]
[Site "Elista RUS"]
[Date "2001.05.02"]
[Round "3"]
[White "Yakovich,Y"]
[Black "Makarov,M"]
[Result "1-0"]
[WhiteElo "2577"]
[BlackElo "2511"]

1.d4 Nf6 2.c4 e6 3.Nf3 Bb4+ 4.Nbd2 b6 5.a3 Bxd2+ 6.Qxd2 Bb7 7.e3 O-O 8.Be2 a5
9.b3 d6 10.O-O Nbd7 11.Bb2 Qe7 12.Rfd1 Rfd8 13.b4 axb4 14.axb4 Qe8 15.Qc2 Rxa1
16.Bxa1 Ra8 17.Nd2 c5 18.Bc3 Qc8 19.Qb2 h6 20.f3 cxd4 21.exd4 Qc7 22.Nb3 Rc8
23.Be1 Nf8 24.Bf1 Ng6 25.Bf2 Ra8 26.Nd2 Bc6 27.Nb1 e5 28.Nc3 exd4 29.Bxd4 Ne5
30.Qf2 Rb8 31.Re1 Ned7 32.Qg3 Re8 33.Ra1 Nh5 34.Qf2 Nf4 35.Be3 Ne6 36.Nd5 Bxd5
37.cxd5 Ng5 38.Bb5 Rf8 39.Rc1 Qd8 40.Bd4 Ne5 41.Kh1 Qa8 42.Bxe5 dxe5 43.d6 Qa3
44.Qd2 Ne6 45.d7 g5 46.h3 Kg7 47.Rc8 Qa1+ 48.Kh2 e4 49.Rxf8 Kxf8 50.d8=Q+ Nxd8
51.Qxd8+ Kg7 52.Qe7 exf3 53.Bc4 Kh8 54.Qf8+  1-0

[Event "Ivan Cvitanovic Mem"]
[Site "Split CRO"]
[Date "2001.05.06"]
[Round "9"]
[White "Bukal,V jr"]
[Black "Forintos,G"]
[Result "1/2-1/2"]
[WhiteElo "2392"]
[BlackElo "2371"]

1.d4 Nf6 2.c4 e6 3.Nf3 Bb4+ 4.Nbd2 b6 5.g3 Ba6 6.Qb3 Qe7 7.Bg2 Bb7 8.O-O O-O
9.Qc2 Bxd2 10.Qxd2 Re8 11.b3 d6 12.Ba3 Nbd7  1/2-1/2

[Event "TCh-YUG"]
[Site "Herceg Novi YUG"]
[Date "2001.05.19"]
[Round "6"]
[White "Lajthajm,B"]
[Black "Aleksandrov,A"]
[Result "0-1"]
[WhiteElo "2421"]
[BlackElo "2610"]

1.d4 Nf6 2.Nf3 e6 3.c4 Bb4+ 4.Nbd2 O-O 5.g3 d5 6.c5 b6 7.a3 Bxd2+ 8.Bxd2 bxc5
9.dxc5 Ne4 10.Qc2 a5 11.Bg2 Nc6 12.O-O a4 13.Bf4 Qe7 14.Nd2 f5 15.Nxe4 fxe4
16.Rfd1 e5 17.Be3 Be6 18.f4 exf4 19.gxf4 Rfb8 20.Bd4 Rb3 21.Qd2 Rab8 22.Bc3 d4
23.Bxd4 Rd8 24.e3 Nxd4 25.exd4 Bg4 26.Rdc1 e3 27.Qa5 Rxb2 28.Qc3 Rxg2+ 29.Kxg2 Qe4+
30.Kg1 Re8 31.Ra2 Bh3 32.d5 Qg6+ 33.Kh1 Qe4+ 34.Kg1 Qf3 35.Qb4 Qg4+ 36.Kh1 e2  0-1

[Event "Open"]
[Site "Pula CRO"]
[Date "2001.05.20"]
[Round "3"]
[White "Ascic,P"]
[Black "Zaja,I"]
[Result "1/2-1/2"]
[WhiteElo "2353"]
[BlackElo "2482"]

1.d4 Nf6 2.c4 e6 3.Nf3 Bb4+ 4.Nbd2 b6 5.e3 Bb7 6.Be2 O-O 7.O-O d5 8.a3 Be7
9.b3 Nbd7 10.Bb2 c5 11.Rc1 Rc8 12.Re1 Rc7 13.Rc2 Qa8 14.cxd5 Bxd5 15.dxc5 Rxc5
16.Bf1 Rxc2 17.Qxc2 Rc8 18.Qb1 Nc5 19.Rc1 Nce4 20.Rxc8+ Qxc8 21.Qd3 Qb7 22.h3 Nd7
23.Qc2 f6 24.Nb1 Qc6 25.Qxc6 Bxc6 26.Bd3 Ndc5 27.Bc2 e5 28.Ne1 Bd5 29.f3 Nd6
30.Nd2 Ndb7 31.Kf2 Kf7 32.b4 Ne6 33.e4 Ba2 34.Nd3  1/2-1/2

[Event "TCh-RUS"]
[Site "Tomsk RUS"]
[Date "2001.05.20"]
[Round "7"]
[White "Ogloblin,N"]
[Black "Telnov,V"]
[Result "1-0"]
[WhiteElo "2472"]
[BlackElo "2401"]

1.Nf3 Nf6 2.d4 e6 3.c4 Bb4+ 4.Nbd2 d5 5.Qc2 O-O 6.a3 Be7 7.e4 dxe4 8.Nxe4 Nc6
9.Be3 Nxe4 10.Qxe4 f5 11.Qd3 Bf6 12.O-O-O Qe7 13.Bf4 Rd8 14.Qe3 Nxd4 15.Nxd4 e5
16.Re1 Rxd4 17.Qxd4 exd4 18.Rxe7 Bxe7 19.Bxc7 Be6 20.Be5 Rc8 21.Kd2 Bxc4
22.Bxc4+ Rxc4 23.Kd3 Rc6 24.Bxd4 a6 25.Re1 Kf7 26.Bxg7 Rg6 27.Bd4 Rxg2 28.Re5 Rxh2
29.Rxf5+ Ke6 30.Ke4 Bd6 31.Rf6+ Ke7 32.f4 Rh5 33.Be5 Bc7 34.f5 Rh4+ 35.Kd5 Bxe5
36.Re6+ Kd7 37.Kxe5 Rh2 38.Rb6 Re2+ 39.Kf6 Kc7 40.Rb3 b5 41.Kg7 Rg2+ 42.Kf7 Kd6
43.f6 Rf2 44.Kg7  1-0

[Event "TCh-YUG"]
[Site "Herceg Novi YUG"]
[Date "2001.05.21"]
[Round "8"]
[White "Lajthajm,B"]
[Black "Ivanovic,B"]
[Result "1-0"]
[WhiteElo "2421"]
[BlackElo "2483"]

1.d4 Nf6 2.c4 e6 3.Nf3 Bb4+ 4.Nbd2 O-O 5.a3 Bxd2+ 6.Qxd2 d5 7.Qc2 Ne4 8.Bf4 c5
9.cxd5 exd5 10.dxc5 Nc6 11.e3 Qa5+ 12.Nd2 Re8 13.Qc1 Bf5 14.b4 Nxb4 15.axb4 Qxb4
16.Bc7 b6 17.Bd3 Rac8 18.Bxe4 Bxe4 19.Bd6 Bxg2 20.Rg1 Bh3 21.Qa3 Qh4 22.Nf3 Qf6
23.Rg3 Bf5 24.Rd1 Be4 25.Ng5 Bg6 26.Rxd5 bxc5 27.Rxc5 Rxc5 28.Bxc5 Qc6 29.Nf3  1-0

[Event "IV It"]
[Site "Santo Antonio POR"]
[Date "2001.05.24"]
[Round "6"]
[White "Damaso,R"]
[Black "Spraggett,K"]
[Result "1/2-1/2"]
[WhiteElo "2424"]
[BlackElo "2526"]

1.d4 Nf6 2.Nf3 e6 3.c4 Bb4+ 4.Nbd2 O-O 5.e3 b6 6.Bd3 d5 7.O-O Bb7 8.b3 Nbd7
9.Bb2 Be7 10.cxd5 exd5 11.Ne5 a5 12.Qc2 Bd6 13.Rac1 Qe7 14.Nc6 Bxc6 15.Qxc6 Qe6
16.Qc2 c5 17.dxc5 Bxc5 18.Bf5 Qe7 19.e4 Rac8 20.Qd3 dxe4 21.Nxe4 Nxe4 22.Bxe4 Nf6
23.Bxf6 Qxf6 24.Bxh7+ Kh8 25.Bf5 Rcd8 26.Qh3+ Qh6 27.Qxh6+ gxh6 28.Rfd1 Rfe8
29.Kf1 Rxd1+ 30.Rxd1 Re5 31.g4 Kg7 32.Rd7 Bb4 33.Bd3 Re7 34.Rd5 Re1+ 35.Kg2 Rd1
36.g5 Rd2 37.gxh6+ Kxh6 38.Kg3 Bc5 39.f3 Ba3 40.h4 Kg7 41.Rg5+ Kf6  1/2-1/2

[Event "XXVI Elekes Mem GM"]
[Site "Budapest HUN"]
[Date "2001.05.25"]
[Round "5"]
[White "Doettling,F"]
[Black "Danner,G"]
[Result "1/2-1/2"]
[WhiteElo "2509"]
[BlackElo "2453"]

1.d4 Nf6 2.Nf3 e6 3.c4 Bb4+ 4.Nbd2 b6 5.e3 Bb7 6.Bd3 O-O 7.O-O d5 8.a3 Be7
9.b4 dxc4 10.Bxc4 Nbd7 11.Bb2 c5 12.dxc5 bxc5 13.b5 Nb6 14.Be2 a6 15.bxa6 Bxa6
16.Bxa6 Rxa6 17.Qc2 Qa8  1/2-1/2

[Event "IHEM"]
[Site "Hamburg GER"]
[Date "2001.06.10"]
[Round "9"]
[White "Bach,M"]
[Black "Reddmann,H"]
[Result "0-1"]
[WhiteElo "2339"]
[BlackElo "2337"]

1.d4 Nf6 2.c4 e6 3.Nf3 Bb4+ 4.Nbd2 d5 5.g3 O-O 6.Bg2 c6 7.O-O Nbd7 8.b3 Re8
9.Bb2 Bd6 10.Nh4 a5 11.Qc1 Nf8 12.f4 Bd7 13.e4 dxe4 14.Nxe4 Nxe4 15.Bxe4 Rc8
16.c5 Bc7 17.Qc3 f6 18.Rae1 Qe7 19.Re3 Qf7 20.Rfe1 Re7 21.Bd3 Kh8 22.Bc4 Qh5
23.f5 Rce8 24.d5 cxd5 25.Bxd5 Be5 26.Rxe5 fxe5 27.Bxb7 exf5 28.Bf3 Qh6 29.c6 Bc8
30.Ba3 Rf7 31.Bd5 Rf6 32.Rxe5 Rxe5 33.Qxe5 Qd2 34.Nf3 Qd1+ 35.Kf2 Ba6 36.Be7 Ng6
37.Qe3 Qf1+  0-1

[Event "Open"]
[Site "Batumi GEO"]
[Date "2001.06.28"]
[Round "3"]
[White "Izoria,Z"]
[Black "Khukhashvili,S"]
[Result "1-0"]
[WhiteElo "2489"]
[BlackElo "2326"]

1.d4 Nf6 2.Nf3 e6 3.c4 Bb4+ 4.Nbd2 b6 5.e3 Bb7 6.Bd3 d6 7.Qa4+ Nc6 8.d5 exd5
9.Nd4 Bxd2+ 10.Bxd2 Kf8 11.Nxc6 Qd7 12.cxd5 Nxd5 13.Rc1 Ne7 14.Be4 d5 15.Bb4 Bxc6
16.Qxc6 Qxc6 17.Rxc6 dxe4 18.Rxc7 Re8 19.Ke2 a5 20.Ba3 b5  1-0

[Event "TCh-Europe Boys U18"]
[Site "Balatonlelle HUN"]
[Date "2001.06.29"]
[Round "7"]
[White "Markos,J"]
[Black "Redpath,J"]
[Result "0-1"]
[WhiteElo "2437"]
[BlackElo "2131"]

1.d4 Nf6 2.c4 e6 3.Nf3 Bb4+ 4.Nbd2 b6 5.g3 Bb7 6.Bg2 O-O 7.O-O d5 8.cxd5 exd5
9.a3 Bd6 10.b4 Nbd7 11.Bb2 Qe7 12.Nh4 g6 13.Re1 Ne4 14.f3 Nxg3 15.e4 Qxh4
16.e5 Nf5 17.exd6 Nxd6 18.Rc1 c6 19.a4 Rfe8 20.Bc3 Rxe1+ 21.Qxe1 Qxe1+ 22.Rxe1 Re8
23.Rxe8+ Nxe8 24.h4 Nc7 25.Kf2 f5 26.Ke3 Ba6 27.Bh3 Ne6 28.f4 Nf6 29.Nf3 Nh5  0-1

[Event "Open"]
[Site "Batumi GEO"]
[Date "2001.06.29"]
[Round "4"]
[White "Bagaturov,G"]
[Black "Javakhishvili,L"]
[Result "1-0"]
[WhiteElo "2521"]
[BlackElo "2305"]

1.d4 Nf6 2.c4 e6 3.Nf3 Bb4+ 4.Nbd2 b6 5.g3 Bb7 6.Bg2 c5 7.a3 Bxd2+ 8.Qxd2 cxd4
9.Qxd4 Nc6 10.Qc3 O-O 11.O-O d5 12.Rd1 Qc8 13.cxd5 Nxd5 14.Qe1 Na5 15.Nd4 e5
16.Nb5 Qc5 17.b4 Qxb5 18.bxa5 Rfd8 19.Bg5 f6 20.Rab1 Qc5 21.Bd2 Qxa3 22.axb6 axb6
23.e4 Nc7 24.Rxb6 Ba6 25.Rc1 Qe7 26.Bb4 Qf7 27.Bh3 Kh8 28.Kg2 Bd3 29.Rb7 Bc4
30.Ba5 Rd4 31.Rxc7  1-0

[Event "Open"]
[Site "Batumi GEO"]
[Date "2001.07.03"]
[Round "7"]
[White "Khurtsidze,N"]
[Black "Khukhashvili,S"]
[Result "0-1"]
[WhiteElo "2456"]
[BlackElo "2326"]

1.d4 Nf6 2.c4 e6 3.Nf3 Bb4+ 4.Nbd2 b6 5.e3 Bb7 6.Bd3 O-O 7.O-O d5 8.a3 Be7
9.b4 c5 10.bxc5 bxc5 11.cxd5 cxd4 12.e4 exd5 13.e5 Nfd7 14.Nb3 Na6 15.Nbxd4 Nac5
16.Bc2 Re8 17.Nf5 Ne4 18.Bb2 Ndc5 19.N3d4 Bf8 20.f3 Ng5 21.f4 Nge4 22.Rf3 g6
23.Rh3 gxf5 24.Qh5 h6 25.e6 Rxe6 26.Nxe6 Nxe6 27.Be5 Qb6+  0-1

[Event "Open"]
[Site "Andorra AND"]
[Date "2001.07.06"]
[Round "7"]
[White "Mikhalevski,A"]
[Black "Franco Alonso,A"]
[Result "1-0"]
[WhiteElo "2443"]
[BlackElo "2306"]

1.d4 Nf6 2.c4 e6 3.Nf3 Bb4+ 4.Nbd2 b6 5.a3 Bxd2+ 6.Qxd2 Bb7 7.g3 Bxf3 8.exf3 d5
9.c5 bxc5 10.dxc5 a5 11.b3 Nbd7 12.Bb5 Qb8 13.Qe2 O-O 14.c6 Nc5 15.Rb1 e5
16.a4 Re8 17.O-O Qa7 18.Bb2 Nxb3 19.Qd1 Nd4 20.f4 Nxb5 21.axb5 exf4 22.Bxf6 gxf6
23.Qg4+ Kf8 24.Qxf4 Kg7 25.Qg4+ Kh8 26.Qd7 Kg7 27.Rfd1 Rad8 28.b6 Qa6 29.Qxc7 a4
30.b7 Rb8 31.Qb6  1-0

[Event "Open"]
[Site "Karvina CZE"]
[Date "2001.07.07"]
[Round "8"]
[White "Mironov,I"]
[Black "Szotek,J"]
[Result "1-0"]
[WhiteElo "2280"]
[BlackElo "2096"]

1.d4 Nf6 2.c4 e6 3.Nf3 Bb4+ 4.Nbd2 Qe7 5.a3 Bxd2+ 6.Bxd2 d6 7.Bg5 Nbd7 8.Qc2 h6
9.Bh4 a5 10.b3 O-O 11.e4 e5 12.d5 b6 13.Be2 Kh8 14.Nd2 Rg8 15.f3 Qe8 16.g4 g5
17.Bf2 Kg7 18.h4 Qe7 19.Be3 Nh7 20.hxg5 hxg5 21.Kf2 Ndf8 22.Rh5 Ng6 23.Rah1 Rh8
24.Qc1 Bd7 25.R1h2 Nf4 26.Bxf4 Qf6 27.Be3  1-0

[Event "Lasker Mem Open"]
[Site "Barlinek CZE"]
[Date "2001.07.20"]
[Round "5"]
[White "Zschaebitz,K"]
[Black "Szczechowicz,B"]
[Result "1-0"]
[WhiteElo "2176"]
[BlackElo "2298"]

1.d4 Nf6 2.Nf3 e6 3.c4 Bb4+ 4.Nbd2 b6 5.e3 Bb7 6.Bd3 O-O 7.O-O d5 8.a3 Bxd2
9.Bxd2 Ne4 10.Qc2 Nd7 11.b4 c5 12.bxc5 bxc5 13.Rab1 Rb8 14.Rb5 a6 15.Ba5 Qc8
16.Rb2 Qc6 17.cxd5 exd5 18.dxc5 Qxc5 19.Bc7 Qxc2 20.Bxc2 Rbc8 21.Rxb7 Ndc5
22.Ra7 Ne6 23.Bxe4 dxe4 24.Bd6 Rfd8 25.Be7 exf3 26.Bxd8 fxg2 27.Rd1  1-0

[Event "Czech Open"]
[Site "Pardubice CZE"]
[Date "2001.07.24"]
[Round "5"]
[White "Lalic,B"]
[Black "Hedman,E"]
[Result "1-0"]
[WhiteElo "2528"]
[BlackElo "2354"]

1.d4 e6 2.c4 Nf6 3.Nf3 Bb4+ 4.Nbd2 b6 5.a3 Bxd2+ 6.Bxd2 Bb7 7.Bg5 d6 8.Qc2 Nbd7
9.Rd1 Qe7 10.d5 h6 11.Bh4 O-O 12.e3 c6 13.dxe6 fxe6 14.Be2 Rfd8 15.O-O Nf8
16.Nd2 c5 17.f4 Rd7 18.Bd3 Qf7 19.Rde1 Bc6 20.f5 Re7 21.Ne4 Nxe4 22.Bxe4 Bxe4
23.Qxe4 Rb8 24.fxe6 Qxe6 25.Rxf8+ Kxf8 26.Qh7  1-0

[Event "Keres Mem Open"]
[Site "Tallinn EST"]
[Date "2001.07.26"]
[Round "3"]
[White "Yewdokimov,O"]
[Black "Kveinys,A"]
[Result "0-1"]
[WhiteElo "2390"]
[BlackElo "2535"]

1.d4 Nf6 2.c4 e6 3.Nf3 Bb4+ 4.Nbd2 O-O 5.a3 Bxd2+ 6.Qxd2 b6 7.g3 Bb7 8.Bg2 d6
9.O-O Nbd7 10.b4 a5 11.Bb2 Qb8 12.Rfc1 axb4 13.axb4 Rxa1 14.Rxa1 b5 15.c5 Bd5
16.Ra5 Qb7 17.Qd3 Rb8 18.Qa3 Ra8 19.h3 h6 20.Bc1 Rxa5 21.Qxa5 Ne4 22.Qa3 f5
23.Be3 Kh7 24.Kh2 Nef6 25.Qa5 Be4 26.Bf4 Qc6 27.Qa7 Nd5 28.Bd2 N7f6 29.Qb8 Qa6
30.Qf8 Qa2 31.Bxh6 Kxh6 32.Ng5 Nc3 33.Qf7 Qa8 34.Nxe6 Qg8 35.Qxg8 Nxg8 36.Nxc7 dxc5
37.dxc5 Ne7 38.g4 Bxg2 39.Kxg2 Nc6 40.gxf5 Nxb4 41.e4 Nc6 42.Kf3 b4 43.Nd5 Nxd5
44.exd5 Nd4+ 45.Ke3 b3 46.c6 b2 47.c7 Nxf5+ 48.Kd2 b1=Q 49.c8=Q Qb2+ 50.Kd3 Qd4+
51.Ke2 Qxd5 52.Qh8+ Kg5 53.h4+ Kf4 54.h5 Qe6+ 55.Kf1 Kg5 56.Kg2 Qe4+ 57.Kf1 Qh1+  0-1

[Event "Slavonija"]
[Site "Vukovar CRO"]
[Date "2001.08.02"]
[Round "1"]
[White "Feletar,D"]
[Black "Drasko,M"]
[Result "1/2-1/2"]
[WhiteElo "2441"]
[BlackElo "2509"]

1.d4 e6 2.Nf3 Nf6 3.c4 Bb4+ 4.Nbd2 b6 5.e3 Bb7 6.Bd3 c5 7.O-O cxd4 8.Nxd4 O-O
9.a3 Be7 10.b3 d6 11.Bb2 Nbd7 12.Qe2 a6 13.e4 Qc7  1/2-1/2